| 000 | 01021nam a2200229Ia 4500 | ||
|---|---|---|---|
| 003 | Ost | ||
| 005 | 20260507075310.0 | ||
| 008 | 260507s9999||||xx |||||||||||||| ||und|| | ||
| 040 | _cfsecg | ||
| 041 | _aara | ||
| 082 | _a330 | ||
| 100 |
_aصبري ، عزام _eمؤلف |
||
| 245 | 0 |
_aأساسيات في النظام الاحصائي الشامل SPSS / _c عزام صبري |
|
| 260 |
_aعمان: _bعالم الكتاب الحديث, _c2006 |
||
| 300 |
_a384 صفحة؛ _bإيضاحات ؛ _c25 سم |
||
| 504 | _a قرص مضغوط | ||
| 520 | _aمقدمة في الاحصاء، مقاييس النزعة المركزية و مقاييس التشتت، التوزيعات الاحتمالية و تقدير الفترات ، اختبار الفرضيات ، الارتباط و الانحدار ، تحليل التباين و الاختبارات اللامعلمية . | ||
| 653 | _aالاحصاء | ||
| 653 | _aالإحصاء الآلي | ||
| 653 | _aالاحصاء الرياضي | ||
| 942 | _cكتاب | ||
| 999 |
_c43861 _d43861 |
||